| 000 | 00765nam a22002057a 4500 | ||
|---|---|---|---|
| 999 |
_c12127 _d12127 |
||
| 003 | AR-CdUCM | ||
| 008 | 190405b ||||| |||| 00| 0 sp d | ||
| 040 |
_aMUNICIPALIDAD PROVINCIAL DEL CUSCO _cBIBLIOTECA MUNICIPAL DEL CUSCO |
||
| 082 |
_aC / 980.5 / _bP77 |
||
| 100 |
_aPonce de Leon, Francisco _929819 |
||
| 245 | _aAl servicio de los aborígenes peruanos / | ||
| 260 |
_aCuzco : _bD. Miranda, _c1946. |
||
| 300 |
_a124 páginas ; _c21 cm. |
||
| 505 | _aContenido: Estudios universitarios -- Colaboraciones de la prensa y la radio -- Labor parlamentaria: al servicio de la política indigenista... | ||
| 650 |
_aPerú _935 |
||
| 650 |
_aProblema del indio _92859 |
||
| 650 |
_aAborígenes peruanos _929820 |
||
| 942 |
_2ddc _cLIBROS |
||
| 945 |
_awfj _d2019-04-05 |
||